[Event "Cap Aurora op"]
[Site "Cap Aurora"]
[Date "2013.06.27"]
[Round "6"]
[White "Tanase, Florin Gheorghe"]
[Black "Dumitrache, Dragos Nicolae"]
[Result "0-1"]
[WhiteElo "2104"]
[BlackElo "2451"]
[PlyCount "100"]
[EventDate "2013.06.22"]
[EventType "swiss"]
[EventRounds "9"]
[EventCountry "ROU"]
[SourceTitle "CBM 155 Extra"]
[Source "ChessBase"]
[SourceDate "2013.08.26"]
[SourceVersion "1"]
[SourceVersionDate "2013.08.26"]
[SourceQuality "1"]

1. d4 Nf6 2. Nf3 d5 3. c4 e6 4. g3 c6 5. Qc2 dxc4 6. Qxc4 b5 7. Qc2 Bb7 8. Bg2 Nbd7 9. 0-0 c5 10. Bg5 Rc8 11. Qb3 a6 12. dxc5 Nxc5 13. Qe3 Be7 14. Nbd2 Nd5 15. Bxe7 Nxe3 16. Bxd8 Nxf1 17. Ba5 Nxd2 18. Nxd2 Bxg2 19. Kxg2 0-0 20. Kf3 Nb7 21. Bb4 Rfd8 22. Nb3 e5 23. Bc3 f6 24. a4 Nd6 25. Ba5 Rd7 26. axb5 Nxb5 27. Be1 Rc2 28. Rb1 Rb7 29. e3 Nd6 30. Rd1 Nf7 31. Rd3 Ng5+ 32. Kg2 Kf7 33. Nd2 e4 34. Rd4 Rc1 35. Nc4 Ke6 36. Bc3 Rd7 37. Rxd7 Kxd7 38. Nd2 f5 39. Bxg7 Ne6 40. Bc3 Nc5 41. h3 Rc2 42. g4 Na4 43. Ba5 Nxb2 44. Nb3 Nc4 45. Be1 Nxe3+ 46. Kg3 f4+ 47. Kh2 Nd5 48. Kg1 Rb2 49. Nc5+ Kc6 50. Nxe4 Re2 0-1

[Event "ROM-ch"]
[Site "Baile Olanesti"]
[Date "2013.02.24"]
[Round "11"]
[White "Tanase, Florin Gheorghe"]
[Black "Tiron, Calin Andrei"]
[Result "1-0"]
[WhiteElo "2076"]
[BlackElo "1906"]
[PlyCount "99"]
[EventDate "2013.02.16"]
[EventType "swiss"]
[EventRounds "11"]
[EventCountry "ROU"]
[SourceTitle "CBM 153 Extra"]
[Source "ChessBase"]
[SourceDate "2013.04.22"]
[SourceVersion "1"]
[SourceVersionDate "2013.04.22"]
[SourceQuality "1"]

1. d4 Nf6 2. Nf3 e6 3. g3 b5 4. Bg2 Bb7 5. 0-0 c5 6. c3 Qb6 7. a4 b4 8. a5 Qb5 9. Nbd2 d6 10. Re1 Nbd7 11. e4 e5 12. Bf1 Qc6 13. d5 Qc7 14. a6 Bc8 15. Nc4 Nb6 16. Na5 bxc3 17. bxc3 c4 18. Nc6 Bd7 19. Nb4 Be7 20. Nh4 g6 21. Ng2 Nh5 22. f4 f6 23. f5 Ng7 24. Bh6 Kf7 25. Qg4 Rag8 26. Nh4 Ne8 27. Bh3 Bf8 28. Be3 g5 29. Qh5+ Ke7 30. Ng2 Ng7 31. Qe2 h5 32. g4 Rh7 33. Reb1 Kf7 34. Nc6 Bxc6 35. Bxb6 axb6 36. Qxc4 b5 37. Qxc6 Qa7+ 38. Kf1 Be7 39. Rxb5 hxg4 40. Rb7 Qa8 41. Qd7 Re8 42. Bxg4 Rxh2 43. Kg1 Rhh8 44. a7 Rhf8 45. Ne3 Qc8 46. Qc6 Rd8 47. Nc4 Qxc6 48. dxc6 d5 49. exd5 Rxd5 50. a8Q 1-0

[Event "ROM-ch"]
[Site "Baile Olanesti"]
[Date "2013.02.23"]
[Round "10"]
[White "Pessi, Emil George"]
[Black "Tanase, Florin Gheorghe"]
[Result "1-0"]
[WhiteElo "2160"]
[BlackElo "2076"]
[PlyCount "125"]
[EventDate "2013.02.16"]
[EventType "swiss"]
[EventRounds "11"]
[EventCountry "ROU"]
[SourceTitle "CBM 153 Extra"]
[Source "ChessBase"]
[SourceDate "2013.04.22"]
[SourceVersion "1"]
[SourceVersionDate "2013.04.22"]
[SourceQuality "1"]

1. e4 Nf6 2. d3 d5 3. Nd2 e5 4. Ngf3 Nc6 5. g3 Bc5 6. Bg2 0-0 7. 0-0 a5 8. h3 a4 9. Kh2 dxe4 10. dxe4 b6 11. Qe2 Ba6 12. c4 Nd4 13. Nxd4 Qxd4 14. Rb1 Bb4 15. b3 axb3 16. axb3 Bb7 17. Rb2 Rfd8 18. f4 exf4 19. Rxf4 Qc3 20. Rf1 Bd6 21. Qf2 Bc5 22. Qf5 Bc8 23. Qf4 Be3 24. Qf3 Ra1 25. Nb1 Qxc1 26. Rxc1 Bxc1 27. Rc2 Rxb1 28. Qf1 Rxb3 29. Qxc1 Rbd3 30. Qf4 Ne8 31. h4 R3d4 32. h5 h6 33. g4 c5 34. g5 hxg5 35. Qxg5 Nf6 36. Bf3 Nh7 37. Qf4 Be6 38. Rg2 Kf8 39. Qg3 Nf6 40. Qxg7+ Ke7 41. h6 Ne8 42. Qg5+ f6 43. Qf4 Nd6 44. Rg7+ Nf7 45. Rg6 f5 46. Qc7+ R8d7 47. Qxb6 R7d6 48. Qxc5 fxe4 49. Bg2 Bxc4 50. Rxd6 Rxd6 51. Qxc4 Rxh6+ 52. Kg1 Nd6 53. Qc7+ Ke6 54. Qg7 Rf6 55. Bh3+ Nf5 56. Qc7 Kd5 57. Qa5+ Ke6 58. Kf2 Rf7 59. Ke2 Rf6 60. Qc5 Rf7 61. Qd4 Re7 62. Kd1 e3 63. Qe4+ 1-0

[Event "ROM-ch"]
[Site "Baile Olanesti"]
[Date "2013.02.22"]
[Round "9"]
[White "Tanase, Florin Gheorghe"]
[Black "Vasile, Claudiu Daniel"]
[Result "1/2-1/2"]
[WhiteElo "2076"]
[BlackElo "2145"]
[PlyCount "102"]
[EventDate "2013.02.16"]
[EventType "swiss"]
[EventRounds "11"]
[EventCountry "ROU"]
[SourceTitle "CBM 153 Extra"]
[Source "ChessBase"]
[SourceDate "2013.04.22"]
[SourceVersion "1"]
[SourceVersionDate "2013.04.22"]
[SourceQuality "1"]

1. d4 d5 2. Nf3 Nf6 3. c4 e6 4. g3 Be7 5. Bg2 0-0 6. 0-0 Nbd7 7. Qc2 c6 8. Nbd2 b6 9. e4 Bb7 10. e5 Ne8 11. cxd5 cxd5 12. Re1 Rc8 13. Qa4 a5 14. Nf1 Bc6 15. Qd1 Nc7 16. h4 a4 17. Bg5 Bb5 18. Ne3 h6 19. Bxe7 Qxe7 20. Bh3 Na6 21. a3 Nab8 22. Nh2 Nc6 23. f4 Na5 24. Qg4 Kh8 25. f5 Rc6 26. fxe6 Qxe6 27. Qxe6 fxe6 28. Nxd5 Nb8 29. Ne7 Nb3 30. Ng6+ Kg8 31. Nxf8 Nxa1 32. Nxe6 Nc2 33. Rd1 Ne3 34. Rd2 Rc1+ 35. Kf2 Nc4 36. Re2 Nxa3 37. bxa3 Bxe2 38. Kxe2 Rc2+ 39. Kf1 Rxh2 40. Bg2 b5 41. d5 Nd7 42. Kg1 Rxg2+ 43. Kxg2 Nxe5 44. Nd4 Nc4 45. Nxb5 Ne3+ 46. Kf3 Nxd5 47. Ke4 Nf6+ 48. Kd4 Nh5 49. g4 Nf6 50. g5 hxg5 51. hxg5 Nh7 1/2-1/2

[Event "ROM-ch"]
[Site "Baile Olanesti"]
[Date "2013.02.21"]
[Round "8"]
[White "Russu, Eduard"]
[Black "Tanase, Florin Gheorghe"]
[Result "0-1"]
[WhiteElo "2198"]
[BlackElo "2076"]
[PlyCount "56"]
[EventDate "2013.02.16"]
[EventType "swiss"]
[EventRounds "11"]
[EventCountry "ROU"]
[SourceTitle "CBM 153 Extra"]
[Source "ChessBase"]
[SourceDate "2013.04.22"]
[SourceVersion "1"]
[SourceVersionDate "2013.04.22"]
[SourceQuality "1"]

1. d4 d5 2. Nf3 Nf6 3. c4 e6 4. Nc3 Be7 5. Bg5 h6 6. Bh4 0-0 7. e3 b6 8. cxd5 Nxd5 9. Bxe7 Qxe7 10. Nxd5 exd5 11. Rc1 Be6 12. Qa4 c5 13. Qa3 Rc8 14. Bb5 a6 15. dxc5 bxc5 16. 0-0 Ra7 17. Ba4 Nd7 18. Rc3 Bg4 19. Nd4 Rac7 20. Nb3 Qg5 21. Rfc1 Bh3 22. g3 d4 23. Nxd4 cxd4 24. Rxc7 Rxc7 25. Re1 Qd5 26. e4 Qc4 27. Qd6 Qc1 28. Qb4 d3 0-1

[Event "ROM-ch"]
[Site "Baile Olanesti"]
[Date "2013.02.21"]
[Round "7"]
[White "Tanase, Florin Gheorghe"]
[Black "Cosmulescu, Alexandru Paul"]
[Result "1-0"]
[WhiteElo "2076"]
[BlackElo "1883"]
[PlyCount "77"]
[EventDate "2013.02.16"]
[EventType "swiss"]
[EventRounds "11"]
[EventCountry "ROU"]
[SourceTitle "CBM 153 Extra"]
[Source "ChessBase"]
[SourceDate "2013.04.22"]
[SourceVersion "1"]
[SourceVersionDate "2013.04.22"]
[SourceQuality "1"]

1. d4 d5 2. Nf3 e6 3. c4 Be7 4. g3 Nf6 5. Bg2 0-0 6. 0-0 b6 7. Ne5 Bb7 8. Nc3 h6 9. Qa4 Qc8 10. Be3 dxc4 11. Qxc4 Bxg2 12. Kxg2 Qb7+ 13. f3 Rc8 14. b4 c6 15. Rfc1 Nbd7 16. Nd3 Nd5 17. Bf2 Bf6 18. Ne4 Be7 19. Nd2 a5 20. bxa5 Rxa5 21. Nb3 Raa8 22. e4 N5f6 23. Qc3 Rc7 24. a4 Qa6 25. a5 b5 26. Nb4 Bxb4 27. Qxb4 Rac8 28. g4 e5 29. Bg3 Re8 30. Qd6 Rcc8 31. dxe5 Re6 32. Qd4 c5 33. Nxc5 Rxc5 34. Rxc5 Nxc5 35. Qxc5 Nd7 36. Qc7 Nb6 37. axb6 Qxa1 38. b7 Qb2+ 39. Bf2 1-0